Statystyki dla Stolice stanów USA, najbliżej Meksyku

Kliknij tutaj aby rozwiązać quiz!

Ogólne statystyki

  • Ten quiz został rozwiązany 19 razy
  • Średni wynik to 5 z 10

Statystyki odpowiedzi

KilometryStolica% Poprawnych
188Phoenix
82%
317Austin
76%
438Santa Fe
76%
781Sacramento
71%
896Denver
47%
939Salt Lake City
47%
731Oklahoma City
41%
776Carson City
35%
774Baton Rouge
12%
977Jackson
6%

Rozkład punktacji

Percentyl według liczby udzielonych odpowiedzi

Procent ludzi z każdym wynikiem

Twoja historia wyników

Nie rozwiązałeś tego quizu